000 02470nam a2200421 a 4500
003 mxchpua
005 20240517134032.0
007 ta
008 220804s2019 mx edbofr|||| 001 0 spa d
040 _amxchpua
090 _aT.C.816
_bS26 EIUPA
_c2019
245 1 0 _aEmpacadora de frutas "Sociedad Agroindustrial Saturno Limitada" Región IV, Coquimbo, Chile /
_ccoordinadora Ofelia Sandoval Castilla ; colaboradores Marcelino Hernández Hernández...[y otros]
260 _aChapingo, México :
_bEl autor,
_c2019
300 _a151 hojas :
_bgraficas, mapas, planos, fotos +
_e1 CD-ROM
336 _2rdacontent
_atexto
_btxt
337 _2rdamedia
_ano mediado
_bn
338 _2rdacarrier
_avolumen
_bnc
500 _aGrado: 7° año Grupo: 01
502 _aViaje de Estudios
_b(EIUPA) --
_cUACh. Departamento de Ingeniería Agroindustrial,
_d2019
504 _aBibliografía: hojas 134-136
505 0 _aContiene 5 planos: -- 1. Plano de áreas unitario (Esc. 1:100) -- 2. Plano de Distribución de equipos (Esc. 1:100) -- 3. Plano de Proceso de flujo (Esc. 1:100) -- 4. DTI de sistema de refrigeración -- 5. Plano de recorrido (Esc.1:100)
650 1 3 _aPlantas empacadoras
_zChile
_zCoquimbo
650 1 3 _aFrutos cítricos
_xFructificación
650 1 3 _aFrutos cítricos
_xComercialización
650 1 3 _9148411
_aAlmacenamiento de alimentos
650 1 3 _aPacking houses
_zChile
_zCoquimbo
650 1 3 _aCitrus fruits
_xFruiting
650 1 3 _aCitrus fruits
_xCommercialization
650 1 3 _9148413
_aFood storage
700 1 _aSandoval Castilla, Ofelia
_ecoordinadora
_9102104
700 1 _954151
_aHernández Hernández, Marcelino
_ecolaborador
856 4 1 _uhttp://10.13.5.2/ve/T_C_816_EIUPA/T_C_816_EIUPA_2019_REPORTE.pdf
_yDESCARGAR REPORTE
856 4 1 _uhttp://10.13.5.2/ve/T_C_816_EIUPA/T_C_816_EIUPA_2019_PLANO_AREAS_UNITARIO.pdf
_yDESCARGAR PLANO DE ÁREAS UNITARIO
856 4 1 _uhttp://10.13.5.2/ve/T_C_816_EIUPA/T_C_816_EIUPA_2019_PLANO_DISTRIBUCION_DE_EQUIPOS.pdf
_yDESCARGAR PLANO DISTRIBUCIÓN DE EQUIPOS
856 4 1 _uhttp://10.13.5.2/ve/T_C_816_EIUPA/T_C_816_EIUPA_2019_PLANO_FLUJO_DE_PROCESO.pdf
_yDESCARGAR PLANO DE FLUJO DE PROCESO
856 4 1 _uhttp://10.13.5.2/ve/T_C_816_EIUPA/T_C_816_EIUPA_2019_PLANO_DTI_CAMARA_DESVERDIZADO.pdf
_yDESCARGAR PLANO DE DTI CAMARA DESVERDIZADO
856 4 1 _uhttp://10.13.5.2/ve/T_C_816_EIUPA/T_C_816_EIUPA_2019_PLANO_DIAGRAMA_DE_RECORRIDO.pdf
_yDESCARGAR PLANO DE DIAGRAMA DE RECORRIDO
999 _c217542
_d217542